[Event "Voronezh op-B 23rd"]
[Site "Voronezh"]
[Date "2019.06.17"]
[Round "6"]
[White "Panteleeva, Anastasiya"]
[Black "Krekoten, Vladimir"]
[Result "0-1"]
[WhiteElo "1365"]
[BlackElo "1681"]
[PlyCount "148"]
[EventDate "2019.06.12"]
[EventType "swiss"]
[EventRounds "9"]
[EventCountry "RUS"]
[SourceTitle "EXT 2020"]
[Source "ChessBase"]
[SourceDate "2019.10.17"]
[SourceVersion "1"]
[SourceVersionDate "2019.10.17"]
[SourceQuality "1"]

1. d4 d5 2. Nf3 Nf6 3. Bf4 Bf5 4. g3 Nc6 5. Bg2 h6 6. c3 e6 7. Nbd2 Ne4 8. h4 Be7 9. Qc1 Nd6 10. b3 Bh7 11. Bxd6 cxd6 12. Qb2 e5 13. Nh2 e4 14. e3 0-0 15. 0-0 f5 16. f4 g5 17. hxg5 hxg5 18. Rfe1 gxf4 19. exf4 Bf6 20. Ndf1 Ne7 21. Ne3 Kh8 22. Nhf1 Rg8 23. Rac1 Rc8 24. Re2 b5 25. Rd2 a5 26. b4 a4 27. a3 Rg7 28. Qc2 Kg8 29. Qd1 Kf7 30. Qe2 Qd7 31. Kf2 Rcg8 32. Qh5+ Bg6 33. Qe2 Ke6 34. Ke1 Rc8 35. Kf2 Rh8 36. Kg1 Bh5 37. Qf2 Rc8 38. Qe1 Qc7 39. Rdc2 Qd7 40. Rd2 Rc7 41. Rdc2 Rg8 42. Qf2 Rgc8 43. Qd2 Rc6 44. Kf2 Qc7 45. Kg1 Qb6 46. Kf2 R6c7 47. Kg1 Nc6 48. Bh3 Ne7 49. Bg2 Ng8 50. Bh3 Nh6 51. Bg2 Ng4 52. Bh3 Rg8 53. Bxg4 Bxg4 54. Nxg4 Rxg4 55. Kf2 Rcg7 56. Qe3 Qc6 57. Ke1 Qc4 58. Qe2 Qc6 59. Qe3 Rc7 60. Qe2 Rg8 61. Qe3 Rgc8 62. Qe2 Qb6 63. Ne3 Rg8 64. Nf1 Rh7 65. Qg2 Qd8 66. Qf2 Rh1 67. Qg2 Rgh8 68. Qe2 Qb6 69. Qe3 Qc6 70. Qf2 Qc4 71. Qe2 Qc6 72. Qe3 R8h3 73. Kf2 Bh4 74. Qe1 Bxg3+ 0-1

[Event "Voronezh op-B 23rd"]
[Site "Voronezh"]
[Date "2019.06.16"]
[Round "5"]
[White "Astakhov, Alexander"]
[Black "Panteleeva, Anastasiya"]
[Result "1-0"]
[WhiteElo "1733"]
[BlackElo "1365"]
[PlyCount "99"]
[EventDate "2019.06.12"]
[EventType "swiss"]
[EventRounds "9"]
[EventCountry "RUS"]
[SourceTitle "EXT 2020"]
[Source "ChessBase"]
[SourceDate "2019.10.17"]
[SourceVersion "1"]
[SourceVersionDate "2019.10.17"]
[SourceQuality "1"]

1. e4 c5 2. Nf3 Nc6 3. d4 cxd4 4. Nxd4 Nf6 5. Nc3 e5 6. Ndb5 d6 7. f3 a6 8. Na3 h6 9. Be3 Be6 10. Qd2 Be7 11. Nd5 Bxd5 12. exd5 Nb8 13. Nc4 Nbd7 14. Rd1 Qc7 15. Qb4 0-0 16. c3 Ne8 17. Nb6 Nxb6 18. Bxb6 Qc8 19. Bd3 f5 20. 0-0 Nf6 21. Bc2 Nd7 22. Rfe1 Nxb6 23. Qxb6 Rb8 24. Qe3 Bg5 25. Qd3 b5 26. g3 Bd8 27. Re2 Rf6 28. Rg2 Qc5+ 29. Kh1 Qc4 30. Qd2 f4 31. b3 Qc7 32. Qd3 g5 33. gxf4 exf4 34. Re1 Qf7 35. Rge2 Kf8 36. Re8+ Qxe8 37. Rxe8+ Kxe8 38. Qh7 Kf8 39. Bg6 Rxg6 40. Qxg6 Be7 41. Qxh6+ Kg8 42. Qe6+ Kf8 43. Kg2 a5 44. Qd7 a4 45. Qc7 Rd8 46. Qb7 axb3 47. axb3 Bf6 48. Qxb5 Bxc3 49. Qd3 Bf6 50. b4 1-0